000 00488cam a22002051 4500
001 sa 68002247
003 DLC
005 20260227112441.0
008 881028s1966 xx 000 0 hino
010 _asa 68002247
035 _a(OCoLC)23557099
040 _aDLC
_cMiU
_dDLC
042 _apremarc
050 0 0 _aPK1718.M47
_bK33
100 1 _aMitra, Bimal,
_d1912-1991.
245 1 0 _aKathā carita mānasa.
260 _c[1966?]
300 _a207 p.
_c23 cm.
500 _aRomanized.
999 _c78557
_d78557